Tantra demystified: tantric secrets and techniques for sexual and spiritual bliss
| Main Author: | |
|---|---|
| Format: | Print Book |
| Language: | English |
| Subito Delivery Service: | Order now. |
| Check availability: | HBZ Gateway |
| Interlibrary Loan: | Interlibrary Loan for the Fachinformationsdienste (Specialized Information Services in Germany) |
| Published: |
New Delhi
Orient Paperbacks
2008
|
| In: | Year: 2008 |
| Standardized Subjects / Keyword chains: | B
Tantrism
/ Sexual behavior
|
| Further subjects: | B
Adviser
B Sex Religious aspects Tantrism B Tantrism |
MARC
| LEADER | 00000cam a2200000 c 4500 | ||
|---|---|---|---|
| 001 | 1624285074 | ||
| 003 | DE-627 | ||
| 005 | 20251225202910.0 | ||
| 007 | tu | ||
| 008 | 091211s2008 ii ||||| 00| ||eng c | ||
| 020 | |a 8122204783 |c pbk. |9 81-222-0478-3 | ||
| 020 | |a 9788122204780 |c pbk. |9 978-81-222-0478-0 | ||
| 035 | |a (DE-627)1624285074 | ||
| 035 | |a (DE-576)314312749 | ||
| 035 | |a (DE-599)BSZ314312749 | ||
| 035 | |a (IiNdDKA)194262-PBK | ||
| 040 | |a DE-627 |b ger |c DE-627 |e rakwb | ||
| 041 | |a eng | ||
| 044 | |c XB-IN | ||
| 082 | 0 | |a 294.544 | |
| 084 | |a 6,24 |a 0 |2 ssgn | ||
| 100 | 1 | |0 (DE-588)142113816 |0 (DE-627)704147483 |0 (DE-576)314312722 |4 aut |a Malkani, Vikas |d 1967- | |
| 109 | |a Malkani, Vikas 1967- | ||
| 191 | |a 1 | ||
| 245 | 1 | 0 | |a Tantra demystified |b tantric secrets and techniques for sexual and spiritual bliss |c Vikas Malkani |
| 264 | 1 | |a New Delhi |b Orient Paperbacks |c 2008 | |
| 300 | |a 223 S. |c 22 cm | ||
| 336 | |a Text |b txt |2 rdacontent | ||
| 337 | |a ohne Hilfsmittel zu benutzen |b n |2 rdamedia | ||
| 338 | |a Band |b nc |2 rdacarrier | ||
| 583 | 1 | |a Archivierung prüfen |c 20200919 |f DE-640 |z 1 |2 pdager | |
| 583 | 1 | |a Archivierung/Langzeitarchivierung gewährleistet |f SSG |x XA-DE-BW |2 pdager |5 DE-16-77 | |
| 601 | |a Spiritual | ||
| 650 | 0 | |a Sex |x Religious aspects |x Tantrism | |
| 650 | 0 | |a Tantrism | |
| 655 | 7 | |a Ratgeber |0 (DE-588)4048476-2 |0 (DE-627)104637234 |0 (DE-576)209078057 |2 gnd-content | |
| 689 | 0 | 0 | |d s |0 (DE-588)4078150-1 |0 (DE-627)106078208 |0 (DE-576)209207590 |2 gnd |a Tantrismus |
| 689 | 0 | 1 | |d s |0 (DE-588)4116485-4 |0 (DE-627)105806315 |0 (DE-576)209501987 |2 gnd |a Sexualverhalten |
| 689 | 0 | |5 (DE-627) | |
| 935 | |a mteo | ||
| 951 | |a BO | ||
| ELC | |b 1 | ||
| LOK | |0 000 xxxxxcx a22 zn 4500 | ||
| LOK | |0 001 4426965705 | ||
| LOK | |0 003 DE-627 | ||
| LOK | |0 004 1624285074 | ||
| LOK | |0 005 20231219172648 | ||
| LOK | |0 008 231205||||||||||||||||ger||||||| | ||
| LOK | |0 040 |a DE-Tue135 |c DE-627 |d DE-Tue135 | ||
| LOK | |0 092 |o n | ||
| LOK | |0 852 |a DE-Tue135 | ||
| LOK | |0 852 1 |9 00 | ||
| LOK | |0 935 |a hdsa | ||
| LOK | |0 939 |a 05-12-23 |b l01 | ||
| ORI | |a SA-MARC-ixtheoa001.raw | ||
| REL | |a 1 | ||
| STA | 0 | 0 | |a Sexual behavior,Sexuality,Sexual behavior,Tantrism,Tantra |
| STB | 0 | 0 | |a Comportement sexuel,Sexualité,Tantrisme |
| STC | 0 | 0 | |a Comportamiento sexual,Tantrismo |
| STD | 0 | 0 | |a Comportamento sessuale,Tantrismo |
| STE | 0 | 0 | |a 怛特罗密教,性行为,性行为 |
| STF | 0 | 0 | |a 怛特羅密教,性行為,性行為 |
| STG | 0 | 0 | |a Comportamento sexual,Tantrismo |
| STH | 0 | 0 | |a Сексуальное поведение,Тантризм |
| STI | 0 | 0 | |a Σεξουαλική συμπεριφορά,Ταντρισμός |
| SUB | |a REL | ||
| SYG | 0 | 0 | |a Tantra , Sexualität,Paarungsvorspiel,Paarungsverhalten,Sexualität,Paarungsvorspiel,Paarungsverhalten |



